Veale wasbrough on property development

Bibliographic Details
Other Authors: Philpott, Gary (Editor), Smithers, Tim (Editor)
Format: Book
Language:English
Published: London : Butterworth 2002
Subjects:

MARC

LEADER 00000cam a2200000 7i4500
001 0000012555
005 20241021.0
008 030912 enk eng
020 |a 0406945179 
040 |a INS   |b eng   |e rda 
090 0 0 |a HD1390   |b .V43 2002 
245 0 0 |a Veale wasbrough on property development   |c Tim Smithers, Gary Philpott, Editors 
264 1 |a London :   |b Butterworth   |c 2002 
300 |a xxviii, 947 pages ;   |c 25 cm. 
336 |a text  |2 rdacontent 
337 |a unmediated  |2 rdamedia 
338 |a volume  |2 rdacarrier 
500 |a Includes index 
650 0 |a Property development 
700 1 |a Philpott, Gary ,   |e editor 
700 1 |a Smithers, Tim ,   |e editor 
999 |a 0000013030   |b BOOK   |c Open Shelf   |e Default branch 
999 |a 0000014545   |b BOOK   |c Open Shelf   |e Default branch